00756nam a2200229Ia 4500003000900000008004100009040001300050040001300063041000800076100001700084245004100101250001100142260001400153260000900167300001000176490002100186490000600207600009100213942000700304999001700311952019800328IT-RoPAU120407s9999 xx 000 0 und d aIT-RoPAU cIT-RoPAU aita aJames Joyce  aUlisse. Intr. di Giorgio Melchiori aTrento aMondadori c1978 c19 cm aOscar Biblioteca v2 a"1° v. Testo. 1047 p. 2° v. Commento. 278 p. " cBK c13803d13803 00102ddc406820_20000000000000071aPAULUSbPAULUSd2012-04-11l0o820.2r2012-04-11 00:00:00w2012-04-11yBKzInserito da: LUCIA In data: 02 settembre 2011 fondo: Via A.Severo 56 Progr:35799